<?xml version="1.0" encoding="UTF-8"?><?xml-stylesheet type="text/xsl" href="static/style.xsl"?><OAI-PMH xmlns="http://www.openarchives.org/OAI/2.0/" xmlns:xsi="http://www.w3.org/2001/XMLSchema-instance" xsi:schemaLocation="http://www.openarchives.org/OAI/2.0/ http://www.openarchives.org/OAI/2.0/OAI-PMH.xsd"><responseDate>2026-04-17T20:45:20Z</responseDate><request verb="GetRecord" identifier="oai:riubu.ubu.es:10259/6275" metadataPrefix="marc">https://riubu.ubu.es/oai/request</request><GetRecord><record><header><identifier>oai:riubu.ubu.es:10259/6275</identifier><datestamp>2021-12-14T09:17:57Z</datestamp><setSpec>com_10259.4_103</setSpec><setSpec>com_10259.4_1</setSpec><setSpec>com_10259_2604</setSpec><setSpec>col_10259_6064</setSpec></header><metadata><record xmlns="http://www.loc.gov/MARC21/slim" xmlns:doc="http://www.lyncode.com/xoai" xmlns:xsi="http://www.w3.org/2001/XMLSchema-instance" xmlns:dcterms="http://purl.org/dc/terms/" xsi:schemaLocation="http://www.loc.gov/MARC21/slim http://www.loc.gov/standards/marcxml/schema/MARC21slim.xsd">
<leader>00925njm 22002777a 4500</leader>
<datafield tag="042" ind1=" " ind2=" ">
<subfield code="a">dc</subfield>
</datafield>
<datafield tag="720" ind1=" " ind2=" ">
<subfield code="a">Moreno Peña, José Luis</subfield>
<subfield code="e">author</subfield>
</datafield>
<datafield tag="260" ind1=" " ind2=" ">
<subfield code="c">2015</subfield>
</datafield>
<datafield tag="520" ind1=" " ind2=" ">
<subfield code="a">Los “montes de socios” son propiedades compartidas por&#xd;
varios propietarios en común y proindiviso. Surgieron en el siglo XIX&#xd;
y principios del XX, con la Desamortización. Han perdido funcionalidad.&#xd;
Actualmente su gestión es difícil. Leyes recientes facilitarán&#xd;
su administración y aprovechamiento.</subfield>
</datafield>
<datafield tag="520" ind1=" " ind2=" ">
<subfield code="a">The “partners woodlands " are shared by several tenants&#xd;
in common and undivided property. They emerged in the nineteenth&#xd;
century and early twentieth century, with the confiscation. They&#xd;
have lost functionality. Currently management is difficult. Recent&#xd;
laws facilitate its administration and use.</subfield>
</datafield>
<datafield tag="024" ind2=" " ind1="8">
<subfield code="a">0211-8998</subfield>
</datafield>
<datafield tag="024" ind2=" " ind1="8">
<subfield code="a">http://hdl.handle.net/10259/6275</subfield>
</datafield>
<datafield ind1=" " ind2=" " tag="653">
<subfield code="a">Montes</subfield>
</datafield>
<datafield ind1=" " ind2=" " tag="653">
<subfield code="a">Propiedad privada</subfield>
</datafield>
<datafield ind1=" " ind2=" " tag="653">
<subfield code="a">Sociedades</subfield>
</datafield>
<datafield ind1=" " ind2=" " tag="653">
<subfield code="a">Vecinos</subfield>
</datafield>
<datafield ind1=" " ind2=" " tag="653">
<subfield code="a">Propietarios forestales</subfield>
</datafield>
<datafield ind1=" " ind2=" " tag="653">
<subfield code="a">Junta gestora</subfield>
</datafield>
<datafield ind1=" " ind2=" " tag="653">
<subfield code="a">Proindivisos</subfield>
</datafield>
<datafield ind1=" " ind2=" " tag="653">
<subfield code="a">Desamortización</subfield>
</datafield>
<datafield ind1=" " ind2=" " tag="653">
<subfield code="a">Woodlans</subfield>
</datafield>
<datafield ind1=" " ind2=" " tag="653">
<subfield code="a">Private property</subfield>
</datafield>
<datafield ind1=" " ind2=" " tag="653">
<subfield code="a">Communities</subfield>
</datafield>
<datafield ind1=" " ind2=" " tag="653">
<subfield code="a">Rural inhabitants</subfield>
</datafield>
<datafield ind1=" " ind2=" " tag="653">
<subfield code="a">Forest landowners</subfield>
</datafield>
<datafield ind1=" " ind2=" " tag="653">
<subfield code="a">Management board</subfield>
</datafield>
<datafield ind1=" " ind2=" " tag="653">
<subfield code="a">Disentailment</subfield>
</datafield>
<datafield tag="245" ind1="0" ind2="0">
<subfield code="a">Montes de socios: de propiedad compartida a bienes sin dueño</subfield>
</datafield>
</record></metadata></record></GetRecord></OAI-PMH>